Every Major City in Syria, Lebanon And Cyprus - Statistics

General Stats
  • This quiz has been taken 41 times
  • The average score is 5 of 6
Answer Stats
Answer % Correct
Beirut
100%
Damascus
98%
Aleppo
90%
Nicosia
83%
Tripoli
78%
Homs
61%
No matching quizzes found
Score Distribution
Percent of People with Each Score
Percentile by Number Answered
Your Score History
You have not taken this quiz